Bogurodzica dziewica - quiz - Statystyki

Ogólne statystyki
  • Ten quiz został rozwiązany 144 razy
  • Średni wynik to 19 z 47
Statystyki odpowiedzi
Odpowiedź % Poprawnych
Bogurodzica
100%
dziewica
96%
Bogiem
77%
Maryja
73%
sławiena
71%
Gospodzina
55%
syna
55%
U
55%
twego
54%
nam
48%
nam
48%
spuści
48%
Kyrie
46%
Maryja
46%
matko
46%
zwolena
46%
Zyszczy
45%
dziela
39%
eleison
39%
Krzciciela
39%
Twego
39%
Bożycze
38%
Usłysz
36%
człowiecze
34%
głosy
34%
myśli
34%
napełń
34%
A
30%
jąż
30%
modlitwę
30%
nosimy
30%
Słysz
30%
Kyrie
29%
dać
27%
prosimy
27%
raczy
27%
Eleison
25%
na
25%
Po
25%
pobyt
25%
rajski
25%
zbożny
25%
żywocie
25%
A
23%
przebyt
23%
świecie
23%
jenoż
14%
Nie znaleziono quizów pasujących do podanych kryteriów
Rozkład punktacji
Procent ludzi z każdym wynikiem
Percentyl według liczby udzielonych odpowiedzi
Twoja historia wyników
Nie rozwiązałeś tego quizu